Gargantúa / Pantagruel (livre second)
Na minha lista:
| Autor principal: | |
|---|---|
| Formato: | Livro |
| Idioma: | Undetermined |
| Publicado em: |
París, Francia
Librairie Larousse
1937
|
| Assuntos: | |
| Tags: |
Adicionar Tag
Sem tags, seja o primeiro a adicionar uma tag!
|
MARC
| LEADER | 00000nam a2200000Ia 4500 | ||
|---|---|---|---|
| 008 | 170316s9999 xx 000 0 und d | ||
| 040 | |a cru BVZT | ||
| 090 | |a 840 R-1ga | ||
| 100 | |a Rabelais, Francois | ||
| 245 | |a Gargantúa / Pantagruel (livre second) | ||
| 260 | |a París, Francia | ||
| 260 | |b Librairie Larousse | ||
| 260 | |c 1937 | ||
| 300 | |a 128 páginas | ||
| 650 | |a LITERATURA FRANCESA | ||
| 999 | |c 7922 |d 7922 | ||
| 942 | |c 15 D |h 840 R-1ga |2 z | ||
